| 000 | 00474nam a2200181Ia 4500 | ||
|---|---|---|---|
| 005 | 20250423094518.0 | ||
| 008 | 250422s9999 xx 000 0 und d | ||
| 020 | _a0-8058-2164-3 | ||
| 050 | _aRC386.6.N48A84/ | ||
| 100 | _aStephanie M. Clancy Dollinger | ||
| 245 | 0 | _aAssesment and Intervention | |
| 260 | _aNew Jersey | ||
| 260 | _bLawrence Erlbaum Associates Inc | ||
| 260 | _c1997 | ||
| 300 | _a305 p | ||
| 650 | _aNeuropsychology Tests Congresses | ||
| 942 | _cBK | ||
| 999 |
_c27458 _d27458 |
||